000 00581nam a2200217 i 4500
001 C2-0310687
003 PPAK
005 20180728101903.0
008 110622s1984 my |||| ||||| | may d
040 _aPPAK
_beng
_cPPAK
_erda
082 0 4 _a899.221
_223
090 0 0 _a899.221
_bKOM
_dKIH
245 0 0 _aHimpunan sajak :
_bKoma
264 1 _aMedan, Indonesia :
_bDewan kesenian medan ,
_c1984
300 _a83 pages ;
_c21 cm
336 _2rdacontent
_atext
337 _2rdamedia
_aunmediated
338 _2rdacarrier
_avolume
650 1 0 _aIndonesian poetry
942 _ddc
_cB
999 _c113006
_d113006